[Event "47th GRE-chT 2019"]
[Site "Patra"]
[Date "2019.07.05"]
[Round "6.14"]
[White "Azis, Azizis Ektoras"]
[Black "Tzouganakis, Panteleimon"]
[Result "1-0"]
[WhiteElo "2191"]
[BlackElo "2197"]
[Annotator "NA"]
[PlyCount "157"]
[EventDate "2019.07.02"]
[EventCountry "GRE"]
[SourceTitle "playchess.com"]
[Source "ChessBase"]
[SourceQuality "1"]
[TimeControl "5400+30"]

1. d4 {[%emt 0:00:00]} Nf6 {[%emt 0:00:00]} 2. c4 {[%emt 0:00:00]} g6 {[%emt 0:00:09]} 3. Nc3 {[%emt 0:00:02]} Bg7 {[%emt 0:00:16]} 4. e4 {[%emt 0:00:36]} d6 {[%emt 0:00:06]} 5. Be2 {[%emt 0:03:23]} O-O {[%emt 0:00:34]} 6. Bg5 {[%emt 0:00:34]} Na6 {[%emt 0:10:28]} 7. h3 {[%emt 0:11:53]} Qe8 {[%emt 0:24:32]} 8. Qc2 {[%emt 0:11:56]} e5 {[%emt 0:03:27]} 9. d5 {[%emt 0:00:39]} Bd7 {[%emt 0:14:54]} 10. Rd1 {[%emt 0:05:37]} h6 {[%emt 0:13:58]} 11. Be3 {[%emt 0:01:03]} Kh7 {[%emt 0:01:22]} 12. g4 {[%emt 0:05:29]} Ng8 {[%emt 0:01:21]} 13. Nf3 {[%emt 0:03:12]} Ne7 {[%emt 0:08:36]} 14. a3 {[%emt 0:03:05]} f5 {[%emt 0:00:59]} 15. exf5 {[%emt 0:01:20]} gxf5 {[%emt 0:00:05]} 16. Nh4 {[%emt 0:01:06]} Qf7 {[%emt 0:03:59]} 17. gxf5 {[%emt 0:07:25]} Nxf5 {[%emt 0:03:03]} 18. Bg4 {[%emt 0:03:34]} Qf6 {[%emt 0:01:24]} 19. Bxf5+ {[%emt 0:02:45]} Bxf5 {[%emt 0:00:09]} 20. Qxf5+ {[%emt 0:00:09]} Qxf5 {[%emt 0:00:04]} 21. Nxf5 {[%emt 0:00:09]} Rxf5 {[%emt 0:00:02]} 22. Ne4 {[%emt 0:01:04]} b6 {[%emt 0:00:56]} 23. b4 {[%emt 0:00:38]} Rd8 {[%emt 0:04:12]} 24. Ke2 {[%emt 0:01:03]} Nb8 {[%emt 0:00:32]} 25. Rhg1 {[%emt 0:04:42]} Nd7 {[%emt 0:00:57]} 26. Rg2 {[%emt 0:00:49]} Rdf8 {[%emt 0:01:24]} 27. Rdg1 {[%emt 0:03:05]} R5f7 {[%emt 0:02:39]} 28. Rg6 {[%emt 0:02:28]} Ra8 {[%emt 0:00:17]} 29. h4 {[%emt 0:06:23]} a5 {[%emt 0:00:20]} 30. b5 {[%emt 0:01:44]} Raf8 {[%emt 0:01:28]} 31. h5 {[%emt 0:02:37]} Re7 {[%emt 0:02:22]} 32. R1g4 {[%emt 0:14:22]} Rff7 {[%emt 0:00:34]} 33. Re6 {[%emt 0:00:38]} Nf8 {[%emt 0:00:12]} 34. Rxe7 {[%emt 0:01:17]} Rxe7 {[%emt 0:00:01]} 35. a4 {[%emt 0:01:07]} Rf7 {[%emt 0:00:32]} 36. Kd3 {[%emt 0:01:33]} Nd7 {[%emt 0:00:48]} 37. Rg6 {[%emt 0:00:19]} Nf8 {[%emt 0:00:14]} 38. Rg1 {[%emt 0:00:30]} Nd7 {[%emt 0:00:07]} 39. Rg2 {[%emt 0:00:35]} Rf5 {[%emt 0:01:52]} 40. Ng3 {[%emt 0:00:00]} Rf7 {[%emt 0:00:00]} 41. Ne4 {[%emt 0:00:00]} Rf5 {[%emt 0:00:00]} 42. Rh2 {[%emt 0:00:00]} Rf7 {[%emt 0:00:00]} 43. Rh3 {[%emt 0:00:00]} Rf5 {[%emt 0:00:00]} 44. Ke2 {[%emt 0:00:00]} Kg8 {[%emt 0:00:00]} 45. Kf1 {[%emt 0:00:00]} Kh7 {[%emt 0:00:00]} 46. Kg2 {[%emt 0:00:00]} Kg8 {[%emt 0:00:00]} 47. Kg3 {[%emt 0:00:00]} Nf6 {[%emt 0:00:00]} 48. Nxf6+ {[%emt 0:00:00]} Rxf6 {[%emt 0:00:00]} 49. Kg4 {[%emt 0:00:00]} Rf7 {[%emt 0:00:00]} 50. Rf3 {[%emt 0:00:00]} Re7 {[%emt 0:00:00]} 51. Kf5 {[%emt 0:00:00]} e4 {[%emt 0:01:24]} 52. Rg3 {[%emt 0:00:00]} Kf7 {[%emt 0:00:36]} 53. Rg6 {[%emt 0:00:00]} Re5+ {[%emt 0:01:34]} 54. Kg4 {[%emt 0:00:00]} Re8 {[%emt 0:01:53]} 55. Bxh6 {[%emt 0:00:00]} Bf6 {[%emt 0:00:56]} 56. Bf4 {[%emt 0:00:00]} Bd4 {[%emt 0:00:56]} 57. Be3 {[%emt 0:00:00]} Bf6 {[%emt 0:00:20]} 58. Kh3 {[%emt 0:00:00]} Be5 {[%emt 0:01:02]} 59. Rg5 {[%emt 0:00:00]} Kf6 {[%emt 0:01:09]} 60. Kg4 {[%emt 0:00:00]} Rh8 {[%emt 0:00:12]} 61. Rf5+ {[%emt 0:00:00]} Kg7 {[%emt 0:00:15]} 62. Kg5 {[%emt 0:00:03]} Rh7 {[%emt 0:00:40]} 63. Kg4 {[%emt 0:01:18]} Rh8 {[%emt 0:00:31]} 64. Rg5+ {[%emt 0:02:19]} Kf6 {[%emt 0:00:15]} 65. Rg6+ {[%emt 0:00:07]} Kf7 {[%emt 0:00:05]} 66. Rh6 {[%emt 0:00:34]} Rg8+ {[%emt 0:01:08]} 67. Kf5 {[%emt 0:00:21]} Rf8 {[%emt 0:00:52]} 68. Kxe4 {[%emt 0:00:59]} Kg7 {[%emt 0:00:29]} 69. Re6 {[%emt 0:00:45]} Bf6 {[%emt 0:00:13]} 70. Kf5 {[%emt 0:02:18]} Bd4+ {[%emt 0:00:19]} 71. Kg4 {[%emt 0:00:41]} Bxe3 {[%emt 0:00:12]} 72. fxe3 {[%emt 0:00:17]} Rf1 {[%emt 0:00:03]} 73. Re7+ {[%emt 0:00:14]} Kf6 {[%emt 0:00:06]} 74. Rxc7 {[%emt 0:00:16]} Rg1+ {[%emt 0:00:03]} 75. Kf4 {[%emt 0:00:31]} Rf1+ {[%emt 0:00:23]} 76. Ke4 {[%emt 0:00:09]} Kg5 {[%emt 0:00:29]} 77. Rc6 {[%emt 0:00:20]} Rc1 {[%emt 0:00:24]} 78. Rxd6 {[%emt 0:00:32]} Rxc4+ {[%emt 0:00:10]} 79. Ke5 {[%emt 0:00:05]} 1-0

[Event "47th GRE-chT 2019"]
[Site "Patra"]
[Date "2019.07.05"]
[Round "6.15"]
[White "Bulmaga, Irina"]
[Black "Radeva, Viktoria"]
[Result "1-0"]
[WhiteElo "2435"]
[BlackElo "2247"]
[Annotator "NA"]
[PlyCount "115"]
[EventDate "2019.07.02"]
[EventCountry "GRE"]
[SourceTitle "playchess.com"]
[Source "ChessBase"]
[SourceQuality "1"]
[TimeControl "5400+30"]

1. e4 {[%emt 0:00:00]} e6 {[%emt 0:00:00]} 2. d4 {[%emt 0:00:00]} d5 {[%emt 0:00:00]} 3. Nc3 {[%emt 0:00:00]} Nf6 {[%emt 0:00:00]} 4. Bg5 {[%emt 0:00:07]} dxe4 {[%emt 0:00:00]} 5. Nxe4 {[%emt 0:00:06]} Nbd7 {[%emt 0:00:00]} 6. Nf3 {[%emt 0:00:37]} Be7 {[%emt 0:00:08]} 7. Nxf6+ {[%emt 0:00:30]} Nxf6 {[%emt 0:00:46]} 8. Bc4 {[%emt 0:12:15]} O-O {[%emt 0:07:14]} 9. Qe2 {[%emt 0:00:54]} b6 {[%emt 0:11:04]} 10. O-O-O {[%emt 0:04:46]} Bb7 {[%emt 0:01:03]} 11. Ne5 {[%emt 0:03:28]} Nd5 {[%emt 0:08:43]} 12. Be3 {[%emt 0:01:22]} Nxe3 {[%emt 0:08:43]} 13. fxe3 {[%emt 0:01:15]} Bd6 {[%emt 0:02:04]} 14. Nf3 {[%emt 0:12:40]} Qe7 {[%emt 0:10:37]} 15. e4 {[%emt 0:06:09]} e5 {[%emt 0:01:56]} 16. d5 {[%emt 0:00:20]} a6 {[%emt 0:00:27]} 17. g4 {[%emt 0:05:58]} b5 {[%emt 0:02:23]} 18. Bd3 {[%emt 0:03:04]} c5 {[%emt 0:05:35]} 19. c4 {[%emt 0:03:26]} Bc8 {[%emt 0:03:10]} 20. Rhg1 {[%emt 0:01:38]} Bd7 {[%emt 0:00:18]} 21. Kb1 {[%emt 0:00:49]} Rfb8 {[%emt 0:00:45]} 22. Nd2 {[%emt 0:01:45]} Rb7 {[%emt 0:01:58]} 23. g5 {[%emt 0:00:32]} Rab8 {[%emt 0:00:41]} 24. Rc1 {[%emt 0:01:36]} bxc4 {[%emt 0:06:12]} 25. Nxc4 {[%emt 0:00:09]} Bb5 {[%emt 0:00:08]} 26. Rc2 {[%emt 0:05:59]} Bxc4 {[%emt 0:00:28]} 27. Bxc4 {[%emt 0:00:02]} a5 {[%emt 0:00:09]} 28. Rg3 {[%emt 0:01:01]} Qd8 {[%emt 0:02:48]} 29. Qh5 {[%emt 0:02:30]} g6 {[%emt 0:04:02]} 30. Qg4 {[%emt 0:00:56]} Bf8 {[%emt 0:04:05]} 31. Rf3 {[%emt 0:02:13]} Be7 {[%emt 0:01:46]} 32. h4 {[%emt 0:06:43]} Qd6 {[%emt 0:04:01]} 33. Rcf2 Bd8 34. a3 {[%emt 0:13:22]} Be7 {[%emt 0:08:59]} 35. h5 {[%emt 0:04:36]} Rf8 {[%emt 0:01:58]} 36. hxg6 {[%emt 0:01:50]} fxg6 {[%emt 0:00:23]} 37. Rxf8+ {[%emt 0:00:10]} Bxf8 {[%emt 0:00:05]} 38. Rxf8+ {[%emt 0:00:29]} Qxf8 {[%emt 0:00:24]} 39. d6+ {[%emt 0:00:22]} Kh8 {[%emt 0:02:20]} 40. Qe6 {[%emt 0:00:00]} Rb8 {[%emt 0:00:00]} 41. d7 {[%emt 0:00:00]} h6 {[%emt 0:00:00]} 42. Qxe5+ {[%emt 0:00:00]} Kh7 {[%emt 0:00:00]} 43. gxh6 {[%emt 0:00:00]} Rd8 {[%emt 0:00:00]} 44. Qe6 {[%emt 0:00:00]} Kxh6 {[%emt 0:00:00]} 45. Ka2 {[%emt 0:00:00]} Kg7 {[%emt 0:00:00]} 46. e5 {[%emt 0:00:00]} a4 {[%emt 0:00:00]} 47. Qd5 {[%emt 0:00:25]} Qe7 {[%emt 0:00:00]} 48. e6 {[%emt 0:00:31]} g5 {[%emt 0:00:00]} 49. Qe5+ {[%emt 0:00:30]} Kh6 {[%emt 0:00:00]} 50. Bd3 {[%emt 0:01:40]} Rf8 {[%emt 0:02:58]} 51. Qh2+ {[%emt 0:00:43]} Kg7 {[%emt 0:00:07]} 52. Qh7+ {[%emt 0:00:19]} Kf6 {[%emt 0:00:08]} 53. Qf5+ {[%emt 0:00:14]} Kg7 {[%emt 0:00:05]} 54. Qg6+ {[%emt 0:00:05]} Kh8 {[%emt 0:00:06]} 55. Qh6+ {[%emt 0:00:44]} Kg8 {[%emt 0:00:07]} 56. Bh7+ {[%emt 0:00:11]} Kh8 {[%emt 0:00:06]} 57. Bg6+ {[%emt 0:00:16]} Kg8 {[%emt 0:00:08]} 58. Qh7+ 1-0

[Event "47th GRE-chT 2019"]
[Site "Patra"]
[Date "2019.07.05"]
[Round "6.15"]
[White "Hristodoulaki, Antonia"]
[Black "Paehtz, Elisabeth"]
[Result "0-1"]
[WhiteElo "2033"]
[BlackElo "2473"]
[Annotator "ChessBase"]
[PlyCount "48"]
[EventDate "2019.07.02"]
[EventCountry "GRE"]
[SourceTitle "playchess.com"]
[Source "ChessBase"]
[SourceQuality "1"]
[TimeControl "5400+30"]

1. d4 {[%emt 0:00:00]} Nf6 {[%emt 0:00:00]} 2. Nf3 {[%emt 0:00:16]} b6 {[%emt 0:03:41]} 3. Bf4 {[%emt 0:02:16]} Bb7 {[%emt 0:00:05]} 4. e3 {[%emt 0:03:39]} g6 {[%emt 0:00:14]} 5. h3 {[%emt 0:00:32]} Bg7 {[%emt 0:00:07]} 6. Nbd2 {[%emt 0:00:24]} d6 {[%emt 0:00:40]} 7. Be2 {[%emt 0:01:43]} Nbd7 {[%emt 0:00:52]} 8. O-O {[%emt 0:00:29]} O-O {[%emt 0:00:07]} 9. Bh2 {[%emt 0:02:26]} e6 {[%emt 0:01:58]} 10. c4 {[%emt 0:03:04]} Qe7 {[%emt 0:01:00]} 11. Qc2 {[%emt 0:07:36]} c5 {[%emt 0:09:00]} 12. Rad1 {[%emt 0:02:46]} Rac8 {[%emt 0:09:04]} 13. b3 {[%emt 0:03:47]} Rfd8 {[%emt 0:04:41]} 14. Rfe1 {[%emt 0:07:18]} a6 {[%emt 0:03:26]} 15. Qb1 {[%emt 0:05:21]} h6 {[%emt 0:00:51]} 16. Bd3 {[%emt 0:12:50]} Nb8 {[%emt 0:05:57]} 17. a3 {[%emt 0:02:08]} d5 {[%emt 0:06:57]} 18. cxd5 {[%emt 0:07:03]} Nxd5 {[%emt 0:00:24]} 19. Qb2 {[%emt 0:05:33]} b5 {[%emt 0:14:12]} 20. Ne5 {[%emt 0:05:53]} Nd7 {[%emt 0:10:03]} 21. f4 {[%emt 0:03:30]} Nxe5 {[%emt 0:00:13]} 22. fxe5 {[%emt 0:00:34]} cxd4 {[%emt 0:00:06]} 23. exd4 {[%emt 0:00:25]} Nc3 {[%emt 0:01:01]} 24. Rc1 {[%emt 0:00:56]} Qh4 {[%emt 0:00:12]} 0-1

[Event "47th GRE-chT 2019"]
[Site "Patra"]
[Date "2019.07.05"]
[Round "6.16"]
[White "Mihailidou, Magdalini"]
[Black "Chrysogelou, Athanasia-Panagiota"]
[Result "0-1"]
[WhiteElo "1810"]
[BlackElo "1770"]
[Annotator "NA"]
[PlyCount "138"]
[EventDate "2019.07.02"]
[EventCountry "GRE"]
[SourceTitle "playchess.com"]
[Source "ChessBase"]
[SourceQuality "1"]
[TimeControl "5400+30"]

1. e4 {[%emt 0:00:00]} c5 {[%emt 0:00:00]} 2. Nf3 {[%emt 0:00:00]} d6 {[%emt 0:00:00]} 3. d4 {[%emt 0:00:00]} cxd4 {[%emt 0:00:00]} 4. Nxd4 {[%emt 0:00:14]} Nf6 {[%emt 0:00:00]} 5. Nc3 {[%emt 0:00:08]} a6 {[%emt 0:00:00]} 6. Bc4 {[%emt 0:00:56]} e6 {[%emt 0:00:00]} 7. Bb3 {[%emt 0:02:43]} b5 {[%emt 0:01:10]} 8. Qf3 {[%emt 0:01:23]} Bb7 {[%emt 0:04:49]} 9. a3 {[%emt 0:04:47]} Nbd7 {[%emt 0:20:49]} 10. Bg5 {[%emt 0:10:03]} Qb6 {[%emt 0:07:56]} 11. Rd1 {[%emt 0:07:58]} Be7 {[%emt 0:16:03]} 12. Qe2 {[%emt 0:05:31]} Nc5 {[%emt 0:02:34]} 13. f3 {[%emt 0:01:49]} O-O {[%emt 0:06:42]} 14. Be3 {[%emt 0:06:44]} Qc7 {[%emt 0:00:51]} 15. O-O {[%emt 0:04:27]} Nxb3 {[%emt 0:04:53]} 16. cxb3 {[%emt 0:07:36]} d5 {[%emt 0:05:36]} 17. Rc1 {[%emt 0:12:43]} Qd6 {[%emt 0:09:05]} 18. exd5 {[%emt 0:01:13]} Nxd5 {[%emt 0:03:40]} 19. Nxd5 {[%emt 0:01:32]} Bxd5 {[%emt 0:00:26]} 20. Rfd1 {[%emt 0:02:56]} Rac8 {[%emt 0:08:23]} 21. Qd3 {[%emt 0:04:08]} Qb8 {[%emt 0:02:58]} 22. a4 {[%emt 0:06:14]} bxa4 {[%emt 0:00:17]} 23. bxa4 {[%emt 0:04:20]} Bd6 {[%emt 0:01:14]} 24. h3 {[%emt 0:03:03]} Rxc1 {[%emt 0:00:06]} 25. Rxc1 Qxb2 {[%emt 0:00:00]} 26. Qxa6 {[%emt 0:05:20]} Bf4 {[%emt 0:02:04]} 27. Qd3 {[%emt 0:00:48]} Bxe3+ {[%emt 0:00:04]} 28. Qxe3 {[%emt 0:00:32]} Qb4 {[%emt 0:00:33]} 29. Ra1 {[%emt 0:01:02]} Ra8 {[%emt 0:01:11]} 30. Nc2 {[%emt 0:02:27]} Qb3 {[%emt 0:01:51]} 31. Qc5 {[%emt 0:02:09]} g6 {[%emt 0:01:06]} 32. Ra3 {[%emt 0:01:03]} Qb7 {[%emt 0:00:51]} 33. a5 {[%emt 0:00:43]} Rc8 {[%emt 0:00:41]} 34. Qf2 {[%emt 0:00:37]} Qb1+ {[%emt 0:00:04]} 35. Ne1 {[%emt 0:00:31]} Rc1 {[%emt 0:00:11]} 36. Re3 {[%emt 0:00:37]} Qb5 {[%emt 0:01:07]} 37. Qd2 {[%emt 0:00:33]} Ra1 {[%emt 0:00:27]} 38. Rc3 {[%emt 0:01:15]} Qxa5 {[%emt 0:00:18]} 39. Rc8+ {[%emt 0:00:02]} Kg7 {[%emt 0:00:00]} 40. Qd4+ {[%emt 0:00:00]} f6 {[%emt 0:00:00]} 41. Rc7+ {[%emt 0:00:00]} Kg8 {[%emt 0:00:00]} 42. Rc8+ {[%emt 0:00:00]} Kf7 {[%emt 0:00:00]} 43. Rc7+ {[%emt 0:00:00]} Ke8 {[%emt 0:00:00]} 44. Qxf6 {[%emt 0:00:00]} Rxe1+ {[%emt 0:00:00]} 45. Kf2 {[%emt 0:00:00]} Qxc7 {[%emt 0:00:00]} 46. Qh8+ {[%emt 0:00:00]} Kd7 {[%emt 0:00:00]} 47. Qxh7+ {[%emt 0:00:00]} Kd6 {[%emt 0:00:00]} 48. Qxc7+ {[%emt 0:00:00]} Kxc7 {[%emt 0:00:00]} 49. Kxe1 {[%emt 0:00:00]} Kd6 {[%emt 0:00:00]} 50. Kf2 {[%emt 0:00:00]} Ke5 {[%emt 0:00:15]} 51. Ke3 {[%emt 0:00:00]} g5 {[%emt 0:01:53]} 52. g3 {[%emt 0:00:00]} Kf5 {[%emt 0:03:13]} 53. f4 {[%emt 0:00:00]} gxf4+ {[%emt 0:00:04]} 54. gxf4 {[%emt 0:00:00]} Bg2 {[%emt 0:02:17]} 55. h4 {[%emt 0:00:00]} Kg4 {[%emt 0:01:10]} 56. h5 {[%emt 0:00:00]} Kxh5 {[%emt 0:00:20]} 57. Kd4 {[%emt 0:00:00]} Bh3 {[%emt 0:00:25]} 58. Ke4 {[%emt 0:00:00]} Kg4 {[%emt 0:00:24]} 59. Ke3 {[%emt 0:00:00]} Bg2 {[%emt 0:00:09]} 60. Kf2 {[%emt 0:00:00]} Bd5 {[%emt 0:00:05]} 61. Ke3 {[%emt 0:00:00]} Kf5 {[%emt 0:00:10]} 62. Ke2 {[%emt 0:00:00]} Kxf4 {[%emt 0:00:03]} 63. Kf2 {[%emt 0:00:09]} e5 {[%emt 0:00:03]} 64. Ke2 {[%emt 0:00:25]} Bf3+ {[%emt 0:00:12]} 65. Kf2 {[%emt 0:00:23]} e4 {[%emt 0:00:04]} 66. Kf1 {[%emt 0:00:31]} Ke3 {[%emt 0:00:04]} 67. Ke1 {[%emt 0:00:06]} Kd3 {[%emt 0:00:09]} 68. Kf2 {[%emt 0:00:05]} Kd2 {[%emt 0:00:08]} 69. Kf1 {[%emt 0:00:09]} e3 {[%emt 0:00:39]} 0-1

[Event "47th GRE-chT 2019"]
[Site "Patra"]
[Date "2019.07.05"]
[Round "6.16"]
[White "Grafakou, Sotiria-Aphrodite"]
[Black "Georgitsi, Antigoni"]
[Result "0-1"]
[WhiteElo "1684"]
[BlackElo "1758"]
[Annotator "NA"]
[PlyCount "66"]
[EventDate "2019.07.02"]
[EventCountry "GRE"]
[SourceTitle "playchess.com"]
[Source "ChessBase"]
[SourceQuality "1"]
[TimeControl "5400+30"]

1. d4 Nf6 2. c4 e6 3. Nc3 Bb4 4. e3 d5 5. a3 Bxc3+ 6. bxc3 O-O 7. Nf3 b6 8. Bd3 c5 9. O-O Qc7 10. cxd5 exd5 11. Re1 Bg4 12. Be2 Nc6 13. Nd2 Bxe2 14. Qxe2 Rfe8 15. Bb2 Re6 16. f3 Rd8 17. Qf2 Qe7 18. Re2 Re8 19. Rae1 Qd7 20. e4 dxe4 21. fxe4 Ng4 22. Qg3 Rg6 23. d5 Nce5 24. c4 Qa4 25. Bxe5 Nxe5 26. Qc3 b5 27. cxb5 Qxb5 28. Nf3 Nd3 29. Rd1 Nf4 30. Rb2 Ne2+ 31. Rxe2 Qxe2 32. Rd2 Rxg2+ 33. Kh1 Qf1+ 0-1

[Event "47th GRE-chT 2019"]
[Site "Patra"]
[Date "2019.07.05"]
[Round "6.17"]
[White "Kiousi, Panagiota"]
[Black "Tsivelekidou, Evgenia"]
[Result "0-1"]
[WhiteElo "1895"]
[BlackElo "1956"]
[Annotator "NA"]
[PlyCount "114"]
[EventDate "2019.07.02"]
[EventCountry "GRE"]
[SourceTitle "playchess.com"]
[Source "ChessBase"]
[SourceQuality "1"]
[TimeControl "5400+30"]

1. d4 {[%emt 0:00:00]} Nf6 {[%emt 0:00:09]} 2. c4 {[%emt 0:00:00]} e6 {[%emt 0:00:00]} 3. Nf3 {[%emt 0:00:00]} Bb4+ {[%emt 0:00:00]} 4. Bd2 {[%emt 0:00:00]} a5 {[%emt 0:00:00]} 5. g3 {[%emt 0:00:00]} d5 {[%emt 0:00:00]} 6. Bg2 {[%emt 0:01:22]} O-O {[%emt 0:00:07]} 7. O-O {[%emt 0:00:15]} dxc4 {[%emt 0:00:57]} 8. Qc2 {[%emt 0:00:23]} Bxd2 {[%emt 0:01:05]} 9. Nbxd2 {[%emt 0:00:08]} b5 {[%emt 0:00:53]} 10. a4 {[%emt 0:03:45]} c6 {[%emt 0:01:09]} 11. b3 {[%emt 0:04:10]} cxb3 {[%emt 0:02:00]} 12. Nxb3 {[%emt 0:00:10]} Ba6 {[%emt 0:05:06]} 13. Rfd1 {[%emt 0:15:01]} bxa4 {[%emt 0:06:53]} 14. Nc5 {[%emt 0:00:18]} Bb5 {[%emt 0:03:32]} 15. Ne5 {[%emt 0:03:28]} Nd5 {[%emt 0:08:44]} 16. Nxa4 {[%emt 0:05:55]} Nb4 {[%emt 0:05:00]} 17. Qd2 {[%emt 0:03:02]} N8a6 {[%emt 0:06:33]} 18. Nc3 {[%emt 0:07:23]} Ra7 {[%emt 0:08:36]} 19. d5 {[%emt 0:04:41]} exd5 {[%emt 0:10:52]} 20. Nxb5 {[%emt 0:00:35]} cxb5 {[%emt 0:00:21]} 21. Bxd5 {[%emt 0:00:13]} Qxd5 {[%emt 0:06:30]} 22. Qxd5 {[%emt 0:02:15]} Nxd5 {[%emt 0:00:08]} 23. Rxd5 {[%emt 0:00:04]} Nb4 {[%emt 0:07:36]} 24. Rxb5 {[%emt 0:00:51]} Rfa8 {[%emt 0:02:00]} 25. Nc4 {[%emt 0:01:33]} Nc6 {[%emt 0:01:58]} 26. e3 {[%emt 0:05:19]} g6 {[%emt 0:01:48]} 27. Ra4 {[%emt 0:05:43]} Kg7 {[%emt 0:02:41]} 28. g4 {[%emt 0:03:21]} h6 {[%emt 0:01:48]} 29. Kg2 {[%emt 0:03:12]} Ra6 {[%emt 0:01:54]} 30. h4 {[%emt 0:03:50]} R8a7 {[%emt 0:03:55]} 31. g5 {[%emt 0:03:25]} hxg5 {[%emt 0:00:23]} 32. hxg5 {[%emt 0:00:09]} Ra8 {[%emt 0:01:38]} 33. Ne5 {[%emt 0:03:48]} Nxe5 {[%emt 0:01:54]} 34. Rxe5 {[%emt 0:00:05]} R8a7 {[%emt 0:01:11]} 35. Kf3 {[%emt 0:04:33]} Kf8 {[%emt 0:02:06]} 36. Ke2 {[%emt 0:02:52]} Ra8 {[%emt 0:01:56]} 37. Kd3 {[%emt 0:00:58]} Rd6+ {[%emt 0:01:49]} 38. Kc4 {[%emt 0:00:44]} Rc6+ {[%emt 0:03:48]} 39. Kb5 {[%emt 0:01:28]} Rc2 {[%emt 0:00:05]} 40. Rxa5 {[%emt 0:00:00]} Rb8+ {[%emt 0:00:00]} 41. Ka6 {[%emt 0:00:00]} Rxf2 {[%emt 0:00:00]} 42. Reb5 {[%emt 0:00:00]} Rb2 {[%emt 0:00:00]} 43. Rxb2 {[%emt 0:00:00]} Rxb2 {[%emt 0:00:00]} 44. Rb5 {[%emt 0:00:00]} Rxb5 {[%emt 0:00:00]} 45. Kxb5 {[%emt 0:00:00]} Ke7 {[%emt 0:00:00]} 46. Kc4 {[%emt 0:05:20]} Ke6 {[%emt 0:00:00]} 47. Kd4 {[%emt 0:07:33]} Kf5 {[%emt 0:00:00]} 48. Kd5 {[%emt 0:00:16]} Kxg5 {[%emt 0:00:00]} 49. Ke5 {[%emt 0:00:12]} f5 {[%emt 0:00:00]} 50. e4 {[%emt 0:02:15]} fxe4 {[%emt 0:00:00]} 51. Kxe4 {[%emt 0:00:06]} Kg4 {[%emt 0:00:00]} 52. Ke3 {[%emt 0:00:06]} Kg3 {[%emt 0:00:00]} 53. Ke2 {[%emt 0:00:17]} Kg2 {[%emt 0:00:00]} 54. Ke1 {[%emt 0:00:21]} g5 {[%emt 0:00:00]} 55. Ke2 {[%emt 0:00:05]} g4 {[%emt 0:00:00]} 56. Ke1 {[%emt 0:00:03]} g3 {[%emt 0:00:00]} 57. Ke2 {[%emt 0:00:10]} Kh2 {[%emt 0:00:00]} 0-1

[Event "47th GRE-chT 2019"]
[Site "Patra"]
[Date "2019.07.05"]
[Round "6.17"]
[White "Georgitsi, Sofia"]
[Black "Gioutsou, Miranta"]
[Result "1/2-1/2"]
[WhiteElo "1487"]
[BlackElo "1476"]
[Annotator "NA"]
[PlyCount "82"]
[EventDate "2019.07.02"]
[EventCountry "GRE"]
[SourceTitle "playchess.com"]
[Source "ChessBase"]
[SourceQuality "1"]
[TimeControl "5400+30"]

1. e4 {[%emt 0:00:00]} e5 {[%emt 0:00:00]} 2. Nf3 {[%emt 0:00:00]} Nf6 {[%emt 0:00:00]} 3. Nxe5 {[%emt 0:01:49]} d6 {[%emt 0:00:00]} 4. Nf3 {[%emt 0:02:03]} Nxe4 {[%emt 0:00:00]} 5. Nc3 {[%emt 0:03:23]} Nxc3 {[%emt 0:00:05]} 6. dxc3 {[%emt 0:00:13]} Be7 {[%emt 0:00:16]} 7. Be3 {[%emt 0:01:29]} Nc6 {[%emt 0:00:20]} 8. Qd2 {[%emt 0:02:24]} Be6 {[%emt 0:00:28]} 9. Nd4 {[%emt 0:04:27]} Qd7 {[%emt 0:07:16]} 10. Be2 {[%emt 0:06:15]} Bf6 {[%emt 0:04:42]} 11. Nxe6 {[%emt 0:08:09]} fxe6 {[%emt 0:02:51]} 12. O-O-O {[%emt 0:03:31]} O-O-O {[%emt 0:02:52]} 13. f4 {[%emt 0:04:00]} Kb8 {[%emt 0:13:58]} 14. g4 {[%emt 0:07:56]} g6 {[%emt 0:07:59]} 15. h3 {[%emt 0:05:15]} Rhf8 {[%emt 0:10:15]} 16. Rhf1 {[%emt 0:02:23]} Bg7 {[%emt 0:02:28]} 17. Rf2 {[%emt 0:03:08]} e5 {[%emt 0:08:14]} 18. fxe5 {[%emt 0:04:33]} Nxe5 {[%emt 0:01:29]} 19. Rdf1 {[%emt 0:01:38]} Rxf2 {[%emt 0:04:50]} 20. Rxf2 {[%emt 0:00:16]} Rf8 {[%emt 0:00:43]} 21. Rxf8+ {[%emt 0:04:15]} Bxf8 {[%emt 0:01:04]} 22. Qd4 {[%emt 0:00:51]} Nc6 {[%emt 0:03:22]} 23. Qf4 {[%emt 0:03:34]} Bg7 {[%emt 0:03:32]} 24. Bb5 {[%emt 0:02:04]} Qe7 {[%emt 0:02:30]} 25. Qf2 {[%emt 0:02:01]} a6 {[%emt 0:02:37]} 26. Bxc6 {[%emt 0:07:44]} bxc6 {[%emt 0:00:11]} 27. Qf3 {[%emt 0:02:16]} Kb7 {[%emt 0:01:24]} 28. Kd2 {[%emt 0:04:02]} Qe6 {[%emt 0:04:58]} 29. b3 {[%emt 0:00:30]} Qf6 {[%emt 0:01:03]} 30. Qxf6 {[%emt 0:02:42]} Bxf6 {[%emt 0:00:06]} 31. Kd3 {[%emt 0:00:20]} d5 {[%emt 0:01:31]} 32. Bd4 {[%emt 0:00:33]} Bg5 {[%emt 0:00:46]} 33. Bc5 {[%emt 0:00:54]} Kc8 {[%emt 0:01:24]} 34. Kd4 {[%emt 0:00:26]} Bf6+ {[%emt 0:00:14]} 35. Kd3 {[%emt 0:00:56]} Kd7 {[%emt 0:01:24]} 36. Bd4 {[%emt 0:03:39]} Be7 {[%emt 0:03:51]} 37. Be3 {[%emt 0:02:57]} Bf6 {[%emt 0:01:50]} 38. Bf4 {[%emt 0:01:27]} Bg7 {[%emt 0:01:46]} 39. Be3 {[%emt 0:01:48]} Bf6 {[%emt 0:01:04]} 40. Bf4 {[%emt 0:00:00]} Bg7 {[%emt 0:00:00]} 41. Be3 {[%emt 0:00:00]} Bf6 {[%emt 0:00:00] Ke4} 1/2-1/2

[Event "47th GRE-chT 2019"]
[Site "Patra"]
[Date "2019.07.05"]
[Round "6.18"]
[White "Tsolakidou, Stavroula"]
[Black "Katopodis, Dimitrios"]
[Result "1-0"]
[WhiteElo "2423"]
[BlackElo "2279"]
[Annotator "NA"]
[PlyCount "57"]
[EventDate "2019.07.02"]
[EventCountry "GRE"]
[SourceTitle "playchess.com"]
[Source "ChessBase"]
[SourceQuality "1"]
[TimeControl "5400+30"]

1. d4 {[%emt 0:00:00]} d5 {[%emt 0:00:00]} 2. c4 {[%emt 0:00:00]} e6 {[%emt 0:00:00]} 3. Nf3 {[%emt 0:00:08]} Nf6 {[%emt 0:00:00]} 4. g3 {[%emt 0:00:06]} Bb4+ {[%emt 0:00:00]} 5. Bd2 {[%emt 0:00:06]} Be7 {[%emt 0:00:00]} 6. Bg2 {[%emt 0:00:07]} O-O {[%emt 0:00:02]} 7. O-O {[%emt 0:00:03]} c6 {[%emt 0:00:19]} 8. Qc2 {[%emt 0:00:27]} b6 {[%emt 0:02:45]} 9. Bf4 {[%emt 0:02:25]} Bb7 {[%emt 0:00:53]} 10. Nbd2 {[%emt 0:01:13]} c5 {[%emt 0:02:13]} 11. dxc5 {[%emt 0:05:28]} Bxc5 {[%emt 0:10:52]} 12. cxd5 {[%emt 0:03:33]} Nxd5 {[%emt 0:02:56]} 13. Ne4 {[%emt 0:04:51]} Be7 {[%emt 0:09:45]} 14. Rfd1 {[%emt 0:15:26]} Qc8 {[%emt 0:32:21]} 15. Qxc8 {[%emt 0:00:33]} Rxc8 {[%emt 0:01:01]} 16. Nd6 {[%emt 0:00:25]} Bxd6 {[%emt 0:00:06]} 17. Bxd6 {[%emt 0:00:07]} Nf6 {[%emt 0:06:35]} 18. Bf1 {[%emt 0:04:42]} Nbd7 {[%emt 0:02:03]} 19. Nd4 {[%emt 0:06:50]} Nc5 {[%emt 0:03:39]} 20. f3 {[%emt 0:03:08]} Nd5 {[%emt 0:00:33]} 21. Kf2 {[%emt 0:08:06]} Ba6 {[%emt 0:02:07]} 22. Rac1 {[%emt 0:15:13]} Nf6 {[%emt 0:03:50]} 23. Bg2 {[%emt 0:06:48]} Na4 {[%emt 0:02:10]} 24. Ba3 {[%emt 0:02:12]} Bb7 {[%emt 0:01:29]} 25. Nb5 {[%emt 0:09:11]} Rxc1 {[%emt 0:00:05]} 26. Rxc1 {[%emt 0:01:30]} Ba6 {[%emt 0:01:52]} 27. Nc7 {[%emt 0:00:47]} Rc8 {[%emt 0:00:07]} 28. b3 {[%emt 0:03:25]} Ne8 {[%emt 0:00:39]} 29. Nxa6 {[%emt 0:00:32]} 1-0